| 000 | 00000nam 2200000zi 4500 |
| 001 | 9.950870 |
| 003 | CaOODSP |
| 005 | 20250916114326 |
| 006 | m o d f |
| 007 | cr cn||||||||| |
| 008 | 250506t20252025qucbd ob f000 0 fre d |
| 020 | |a9780660771809 |
| 040 | |aCaOODSP|bfre|erda|cCaOODSP |
| 043 | |an-cn-qu |
| 086 | 1 |aEn153-114/2-2025F-PDF |
| 100 | 1 |aČapkun-Huot, Catherine, |eauteur. |
| 245 | 14|aLes oiseaux de mer – des espèces sentinelles du golfe / |crédaction, Catherine Čapkun-Huot et Jean-François Rail. |
| 250 | |a5e édition. |
| 264 | 1|a[Gatineau, Québec] : |b[Environnement et changement climatique Canada] ; |aWinnipeg : |bAgence de l'eau du Canada, |c[2025] |
| 264 | 4|c©2025 |
| 300 | |a1 ressource en ligne (9 pages non numérotées) : |bcarte, graphiques. |
| 336 | |atexte|btxt|2rdacontent/fre |
| 337 | |ainformatique|bc|2rdamedia/fre |
| 338 | |aressource en ligne|bcr|2rdacarrier/fre |
| 500 | |aPublié aussi en anglais sous le titre : Seabirds – sentinel species for the Gulf. |
| 504 | |aComprend des références bibliographiques. |
| 520 | |a« Les oiseaux marins nichant dans les refuges d’oiseaux migrateurs de la Côte-Nord sont recensés tous les cinq ans. Leur état est considéré comme « intermédiaire » en raison des tendances observées chez cinq espèces indicatrices : le guillemot marmette et le petit pingouin se portent très bien, le nombre réduit de macareux moines est en augmentation, l’état de la minuscule population de sternes caspiennes demeure précaire malgré sa récente croissance, et le déclin du goéland hudsonien se poursuit. L’abondance des ressources alimentaires, la présence de prédateurs et le dérangement humain sont en cause » -- Faits saillants. |
| 650 | 6|aOiseaux de mer|xPopulations|zSaint-Laurent, Golfe du. |
| 650 | 6|aIndicateurs biologiques|zSaint-Laurent, Golfe du. |
| 710 | 1 |aCanada. |bEnvironnement et changement climatique Canada, |eorganisme de publication. |
| 710 | 2 |aAgence de l'eau du Canada, |eorganisme de publication. |
| 775 | 08|tSeabirds – sentinel species for the Gulf / |w(CaOODSP)9.950869 |
| 795 | |tLes oiseaux de mer – des espèces sentinelles du golfe / |w(CaOODSP)9.889693 |
| 856 | 40|qPDF|s721 Ko|uhttps://publications.gc.ca/collections/collection_2025/eccc/En153-114-2-2025-fra.pdf |
| 856 | 4 |qHTML|sS.O.|uhttps://www.canada.ca/fr/agence-eau-canada/initiatives-ecosystemes-eau-douce/fleuve-saint-laurent/publications/oiseaux-mer.html |